Dutch words - Statistics

General Stats
  • This quiz has been taken 97 times
  • The average score is 22 of 30
Answer Stats
Dutch English % Correct
Nederland Netherlands
100%
Bier Beer
99%
Melk Milk
99%
Nacht Night
99%
Klok Clock
94%
Nieuw New
94%
Tulp Tulip
93%
Kaas Cheese
91%
Eten Food / Eat
91%
Koning King
84%
Worst Sausage
84%
Spanje Spain
81%
Tafel Table
80%
Aap Monkey
79%
Zee Sea
74%
Schaap Sheep
73%
Bril Glasses
71%
Boom Tree
71%
Muur Wall
70%
Tas Bag
67%
Boer Farmer
64%
Koelkast Fridge
60%
Geel Yellow
60%
Kauwgom Chewing gum
56%
Horloge Watch
50%
Ruimte Space
49%
Walvis Whale
43%
Handel Trade
41%
Specerijen Spices
40%
Schaatsen Ice Skating
36%
No matching quizzes found
Score Distribution
Percent of People with Each Score
Percentile by Number Answered
Your Score History
You have not taken this quiz